Το θέατρο στην εκπαίδευση : Δημιουργώντας νέους ρόλους στον 21ο αιώνα ; πρακτικά της 5ης Διεθνούς Συνδιάσκεψης για το Θέατρο/Δράμα και τις παραστατικές τέχνες στην εκπαίδευση, Αθήνα, Μάρτιος 2006
Αποθηκεύτηκε σε:
| Συγγραφή απο Οργανισμό/Αρχή: | |
|---|---|
| Άλλοι συγγραφείς: | , , |
| Μορφή: | Πρακτικό Συνεδρίου Βιβλίο |
| Γλώσσα: | Greek |
| Δημοσίευση: |
Αθήνα :
Πανελλήνιο Δίκτυο για το θέατρο στην Εκπαίδευση,
2006.
|
| Θέματα: | |
| Ετικέτες: |
Προσθήκη ετικέτας
Δεν υπάρχουν, Καταχωρήστε ετικέτα πρώτοι!
|
MARC
| LEADER | 00000nam a2200000 a 4500 | ||
|---|---|---|---|
| 001 | 1/115513 | ||
| 008 | 171129s2006####gr | ||| |||| ||gre|| | ||
| 020 | |a 9608876028 | ||
| 040 | |a GR-MyUa |b gre |c GR-MyUa |e AACR2 | ||
| 041 | 0 | |a gre | |
| 082 | 7 | |a 372.66 |2 (23) | |
| 111 | 2 | |a Διεθνής Συνδιάσκεψη για το Θέατρο στην Εκπαίδευση |n (5η, |d Μάρτιος 2006, |c Αθήνα ) | |
| 245 | 0 | 3 | |a Το θέατρο στην εκπαίδευση : |b Δημιουργώντας νέους ρόλους στον 21ο αιώνα ; πρακτικά της 5ης Διεθνούς Συνδιάσκεψης για το Θέατρο/Δράμα και τις παραστατικές τέχνες στην εκπαίδευση, Αθήνα, Μάρτιος 2006 / |c επιμέλεια: Μπέττυ Γιαννούλη, Νίκος Γκόβας, Αναστασία Μερκούρη. |
| 260 | |a Αθήνα : |b Πανελλήνιο Δίκτυο για το θέατρο στην Εκπαίδευση, |c 2006. | ||
| 300 | |a 535 σ. : |b φωτ., εικ. ; |c 30 εκ. | ||
| 504 | |a Περιέχει βιβλιογραφικές παραπομπές και σύντομα βιογραφικά σημειώματα των συντελεστών. | ||
| 650 | 0 | |a Drama in education. | |
| 650 | 0 | |a Theater |x Study and teaching. | |
| 650 | 0 | |a Drama |x Study and teaching. | |
| 650 | 0 | |a Activity programs in education |z Greece. | |
| 700 | 1 | |a Μερκούρη, Αναστασία, |e edtf | |
| 700 | 1 | |a Γιαννούλη, Μπέττυ, |e edtf | |
| 700 | 1 | |a Γκόβας, Νίκος, |e edt | |
| 710 | 1 | |a Πανελλήνιο Δίκτυο για το Θέατρο στην Εκπαίδευση, |e pbl | |
| 852 | |a INST |b RHODES |e 20171129 |h 372.66 ΘΕΑ |p 005400039679 |q 005400039679 |t BK |y 0 | ||
| 920 | |a Πανελλήνιο Δίκτυο για το θέατρο στην Εκπαίδευση |y Ρόδος |z 2017-11 | ||
| 970 | |z 29-11-2017 | ||